000 00726nam a2200253 i 4500
001 13335
003 ES-MaACL
005 20240508063024.0
007 t|
008 970530s1997 sp ||||0| spa j
020 _a84-86351-85-5
040 _aM-BN
_bspa
_cM-BN
080 _a821.134.2-14"19"
100 1 _aÁlvarez Ortega, Manuel,
_d1923-
_9152996
245 1 0 _aIntratexto /
_cManuel Alvarez Ortega.
250 _a1ª ed.
260 _aHumanes, Madrid :
_bJuan Pastor,
_c1997.
300 _a77 p ;
_c20 cm.
490 1 _aDevenir/el otro ;
_v3
504 _aBibliografía: p. 61-71.
830 0 _aDevenir/el otro ;
_v3
_9179466
852 _aES-MaACL
_jP-1943 Nº 3
_bR.125952
999 _c13335
_d13335